Online
Catalog

Le réformiste : (Record no. 908)

MARC details
000 -CABECERA
campo de control de longitud fija 00546cam a22001697a 4500
001 - NÚMERO DE CONTROL
campo de control 000000917
005 - FECHA Y HORA DE LA ÚLTIMA TRANSACCIÓN
campo de control 20200929145434.0
008 - DATOS DE LONGITUD FIJA--INFORMACIÓN GENERAL
campo de control de longitud fija 760428s1975 quc 000 0 fre
020 ## - NÚMERO INTERNACIONAL ESTÁNDAR DEL LIBRO
Número Internacional Estándar del Libro 0885650018
040 ## - FUENTE DE LA CATALOGACIÓN
Centro catalogador/agencia de origen DO-SdBNP
Lengua de catalogación spa
Centro/agencia transcriptor BNPHU
082 ## - NÚMERO DE LA CLASIFICACIÓN DECIMAL DEWEY
Número de clasificación 848.914
Número de documento/Ítem G577r
100 1# - ENTRADA PRINCIPAL--NOMBRE DE PERSONA
Nombre de persona Godbout, Jacques,
Fechas asociadas al nombre 1933-
9 (RLIN) 3244
245 13 - MENCIÓN DE TÍTULO
Título Le réformiste :
Resto del título textes tranquilles /
Mención de responsabilidad, etc. Jacques Godbout.
260 ## - PUBLICACIÓN, DISTRIBUCIÓN, ETC.
Lugar de publicación, distribución, etc. Montréal :
Nombre del editor, distribuidor, etc. Quinze : distributeur, Les Messageries internationales du livre,
Fecha de publicación, distribución, etc. 1975.
300 ## - DESCRIPCIÓN FÍSICA
Extensión 199 p. ;
Dimensiones 23 cm.
650 #4 - PUNTO DE ACCESO ADICIONAL DE MATERIA--TÉRMINO DE MATERIA
Término de materia o nombre geográfico como elemento de entrada Literatura francesa
9 (RLIN) 1074
Holdings
Estado de retiro Estado de pérdida Restricciones de uso No para préstamo Código de colección Localización permanente Ubicación/localización actual Ubicación en estantería Fecha de adquisición Número de inventario Total de préstamos Signatura topográfica completa Código de barras Fecha visto por última vez Precio válido a partir de Tipo de ítem Koha
    Préstamo interno Préstamo en sala Dominicana de Servicio Biblioteca Nacional Pedro Henríquez Ureña Biblioteca Nacional Pedro Henríquez Ureña Depósito 04.09.2009 LF1   848.914 G577r 917-10 25.06.2020 25.06.2020 Libros y folletos

Powered by Koha